| 000 | 00398nam a22001577a 4500 | ||
|---|---|---|---|
| 020 | _a9789696100607 | ||
| 082 |
_a891.4393 _bIQB |
||
| 100 | _aIqbal, Sanawar | ||
| 245 |
_aPahcan/ _cSanawar Iqbal |
||
| 260 |
_aLahore: _bIlm o irfan publishers; _c2024. |
||
| 300 | _a176p. | ||
| 563 | _aHB. | ||
| 650 |
_aUrdu Novel _adastan _9121035 |
||
| 880 |
_6245-02\r _aپہچان |
||
| 942 |
_2ddc _cBK |
||
| 999 |
_c607995 _d607995 |
||